| 000 | 00662nam a2200205 i 4500 | ||
|---|---|---|---|
| 001 | 73503 | ||
| 003 | ES-MaACL | ||
| 005 | 20230906171833.0 | ||
| 007 | t| | ||
| 008 | 040908s1971 sp ||||1| spa d | ||
| 100 | 1 |
_aGómez-Heras, José María G. _957978 |
|
| 245 | 1 | 0 |
_aTemas dogmáticos del Concilio Vaticano / _cJ.M.G. Gómez-Heras. |
| 260 |
_aVictoria : _bEset, _c1971. |
||
| 300 |
_a2 v. ; _c24 cm. |
||
| 490 | 1 |
_aVictoriensia ; _v31 |
|
| 505 | 8 | _aContiene: V. I: Aportación de la Comisión Teológica preparatoria a su obra doctrinal | |
| 830 | 0 |
_aVictoriensia ; _v31 _9181754 |
|
| 852 |
_aES-MaACL _jC-47449-50 _bR.77037 |
||
| 999 |
_c73503 _d73503 |
||